| 000 | 00630nam a2200205Ia 4500 | ||
|---|---|---|---|
| 003 | GCL | ||
| 008 | 140319s9999 xx 000 0 ara d | ||
| 040 |
_aGCL / _cGCL |
||
| 082 | 0 | 4 |
_a739 _bم ا |
| 100 | 1 | _aمحمد محمود يوسف | |
| 245 | 1 | 0 |
_aاساسيات التصميم فى فن فنون المعادن والحديد / _cمحمد محمود يوسف |
| 700 | 1 | _aمحمد وجيه عاشور | |
| 300 | _a244 | ||
| 490 |
_aكتاب _v0 |
||
| 650 | 0 | 4 | _aالحديد |
| 650 | 0 | 4 | _aصناعة وتجارة |
| 650 | 0 | 4 | _aالصناعات المعدنية |
| 650 | 0 | 4 | _aالفنون والحرف |
| 942 |
_2ddc _cBK |
||
| 999 |
_c42881 _d42881 |
||